000 00434nam a2200181Ia 4500
008 170705s9999 xx 000 0 und d
020 _a9780531147863
245 4 _aThe supreme court /
245 _cChristine Taylor-Butler.
260 _aNew York :
260 _bChildren's Press,
260 _c2007
300 _a48 pages :
300 _bcolor illustration ;
300 _c21cm.
440 _aA true book.
500 _a820
999 _c336469
_d336469